1110 1392 1270 1272 1124 1235 1193 1137 1981 1033 1909 1526 1410 1428 1289 1627 1476 1633 1852 1966 1508 1757 1150 1603 1740 1365 1399 1812 1433 1741 1189 1121 1387 1412 1660 1215 1580 1870 1867 1862 1108 1254 1118 1317 1307 1273 1426 1163 1148 1052 1954 1976 1240 1264 1318 1713 1353 1934 1034 1022 1310 1839 1690 1550 1577 1647 1871 1064 1468 1217 1454 1212 1898 1278 1398 1273 1597 1444 1112 1126 1597 1220 1395 1578 1613 1649 1725 1873 1007 1554 1452 1113 1939 1336 1552 1741 1234 1617 1245 BCNSPRNW ULIB Ver.6.0+V

เปลี่ยนเป็นภาษาไทย

Change to English
 แสดงรายละเอียดบรรณานุกรม
  กลับหน้าหลัก

Brief Record : Get Marc (ISO 2709) : E-mail record : QR code < ปิดหน้าต่าง
LEADER : 00000nam 2200000uu 4500
001    13399121971
003     ULIB
008    121217s2546||||th 000 0 tha d
020    ^a9746444654(ล.1)
060 04 ^aWF225^bว748C ล.1 2546
100 0  ^aวิวัฒนา ถนอมเกียรติ
245 10 ^aChest X-ray /^cวิวัฒนา ถนอมเกียรติ
250    ^aพิมพ์ครั้งที่ 2
260    ^aสงขลา :^bลิมบราเดอร์การพิมพ์;^c2546
300    ^a[8], 380 หน้า :^bภาพประกอบ;^c26 ซม.
504    ^aบรรณานุกรม
650  2 ^aRadiography, Thoracic
650  2 ^aDiagnostic Imaging
650  7 ^aทรวงอก^xการบันทึกภาพรังสี
710 2  ^aมหาวิทยาลัยสงขลานครินทร์. ^bคณะแพทยศาสตร์.^bภาควิชารังสีวิทยา
945    ^p450^l0^i13186
945    ^p450^l0^i13190
995    ^aกัณชพร
999 ^a ใช้งานได้ทุกระบบ
รายการนี้ยังไม่มีแท็ก
คุณยังไม่ได้ล็อกอิน คุณสามารถมีกิจกรรมร่วมกับเว็บไซต์ได้ แต่ต้องล็อกอินก่อน ::
  ล็อกอิน

รายการสื่อสารสนเทศ

ลำดับที่ ประเภท เลขเรียก/บาร์โค้ด สถานที่ สถานะ
1. วิทยาศาสตร์การแพทย์ และสุขภาพ
วิทยาศาสตร์การแพทย์ และสุขภาพ
WF225 ว748C ล.1 2546  
  Barcode: 13186
ห้องสมุดวิทยาเขตสวรรค์ประชารักษ์
►หนังสือทั่วไป
บนชั้น
2. วิทยาศาสตร์การแพทย์ และสุขภาพ
วิทยาศาสตร์การแพทย์ และสุขภาพ
WF225 ว748C ล.1 2546 ฉ.2 
  Barcode: 13190
ห้องสมุดวิทยาเขตสวรรค์ประชารักษ์
►หนังสือทั่วไป
บนชั้น

รายการใกล้เคียง
    ผู้แต่ง [วิวัฒนา ถนอมเกียรติ]

    หัวเรื่อง [Radiography, Thoracic]
    หัวเรื่อง [Diagnostic Imaging]

BibComment


ยังไม่เคยถูกคอมเมนท์

คอมเมนท์ทรัพยากรรายการนี้
  คอมเมนท์: Chest Xray วิวั..


 Copyright 2026. Bcnsprnw @Library